|
|
|
|
| LEADER |
00000nam a2200000 a 4500 |
| 001 |
vtls008347087 |
| 003 |
SK-MaSNL |
| 005 |
20260302003834.0 |
| 008 |
190102s1966 xo 000 cze |
| 015 |
|
|
|a SKSNBA1966/06-00966
|
| 035 |
|
|
|a SK01SNK19660039304
|
| 035 |
|
|
|a SKM000041767
|
| 040 |
|
|
|a SNK
|b slo
|c SNK
|e AACR2
|
| 041 |
1 |
|
|a cze
|
| 044 |
|
|
|a xo
|c SK
|
| 080 |
|
|
|a 656.1+656.34(075.8)
|2 1981
|
| 080 |
|
|
|a 656.34(075.8)
|2 1981
|
| 100 |
1 |
|
|a Smýkal, František
|4 aut
|9 12196
|
| 245 |
1 |
0 |
|a Silniční a městské dopravní inženýrství
|n 1
|c František Smýkal
|
| 260 |
|
|
|a Bratislava
|b SVTL
|a Žilina
|b VŠD
|c 1966
|e Bratislava
|f Západoslovenské tlačiarne 42
|
| 300 |
|
|
|a 232, [1] s., [12] príl.
|c 4°
|
| 490 |
1 |
|
|a Dočasné vysokoškolské učebnice
|
| 500 |
|
|
|a Ilustr. Zozn. použ. a odporuč. lit. Pozn. Odkazy na lit. Tb. Grafy. Diagramy. Schémy. Zozn. obr. a príl.
|
| 500 |
|
|
|a Vyd. VŠD, Žilina v SVTL
|
| 563 |
|
|
|a 200 výtl.
|
| 650 |
0 |
7 |
|a cestná doprava
|2 SNKPH
|9 1776
|
| 650 |
0 |
7 |
|a mestská doprava
|2 SNKPH
|9 69482
|
| 650 |
0 |
7 |
|a dopravné inžinierstvo
|2 SNKPH
|9 68472
|
| 655 |
|
7 |
|a učebnice
|2 SNKPH
|9 22521
|
| 830 |
|
0 |
|a Dočasné vysokoškolské učebnice
|9 278602
|
| 852 |
|
|
|a Slovenská národná knižnica v Martine
|b 10000
|h SB 12472/1
|
| 852 |
|
|
|a Slovenská národná knižnica v Martine
|b 10000
|h SB 12472/1 D1
|
| 958 |
|
|
|a OND
|
| 958 |
|
|
|a RK
|
| 958 |
|
|
|a RM
|
| 958 |
|
|
|a NB
|
| 958 |
|
|
|a UV
|
| 999 |
|
|
|c 993565
|d 995495
|
| 952 |
|
|
|a SNK
|b SNK
|y VYP
|7 0
|p 17A0568051
|o snkSB 12472/1 D1
|i snkKSP 4197/66
|3 rekatalogizácia
|0 0
|1 0
|4 0
|d 2007-12-17
|l 0
|r 2026-02-24 11:56:27
|w 2026-02-24
|
| 952 |
|
|
|a SNK
|b SNK
|y PREZ
|7 0
|p 17A0806018
|o snkSB 12472/1
|0 0
|1 0
|4 0
|d 2012-07-26
|f 1
|l 0
|r 2025-03-06 00:00:00
|w 2026-02-24
|